000 00563nam a2200241Ia 4500
005 20260320200853.0
008 008 262003s9999 xx 000 0 eng d
037 _aEBOOK
040 _aCRL
040 _beng
040 _cCRL
041 _2eng
041 _aeng
084 _qCRL
100 _aBlythe
_9927848
245 0 _aElectronic Road User Charging and Tolling
260 _bIEEE
260 _c2006
856 _uhttps://ieeexplore.ieee.org/servlet/opac?bknumber=9100884
942 _cEBOOK
999 _c1717400
_d1717400